[Event "CUB-ch U18"]
[Site "Pinar del Rio"]
[Date "2019.06.28"]
[Round "2"]
[White "Gallar Tamayo, Abel"]
[Black "Nunez Ferrales, Robert Andres"]
[Result "1-0"]
[WhiteElo "2167"]
[BlackElo "2061"]
[PlyCount "55"]
[EventDate "2019.06.28"]
[EventType "swiss"]
[EventRounds "9"]
[EventCountry "CUB"]
[SourceTitle "CBM 195 Extra"]
[Source "ChessBase"]
[SourceDate "2020.05.31"]
[SourceVersion "1"]
[SourceVersionDate "2020.05.31"]
[SourceQuality "1"]

1. e4 c5 2. Nf3 d6 3. d4 cxd4 4. Nxd4 Nf6 5. Nc3 g6 6. Bg5 Bg7 7. Bb5+ Bd7 8. Qe2 0-0 9. 0-0-0 a6 10. Bc4 Qa5 11. Bxf6 Bxf6 12. Nd5 Bxd4 13. Rxd4 Nc6 14. Rdd1 Rac8 15. Bb3 Rfe8 16. h4 Ne5 17. h5 Ba4 18. Kb1 Bxb3 19. axb3 Qc5 20. hxg6 fxg6 21. c3 Kg7 22. f4 Nd7 23. Qg4 e6 24. Qg5 exd5 25. Qh6+ Kf6 26. Qh4+ Ke6 27. Qg4+ Ke7 28. Rxh7+ 1-0

[Event "Las Tunas 28 de Enero-B"]
[Site "Las Tunas"]
[Date "2019.01.21"]
[Round "10.3"]
[White "Nunez Ferrales, Robert Andres"]
[Black "Parra Naranjo, Emiliano"]
[Result "0-1"]
[WhiteElo "1870"]
[BlackElo "2160"]
[PlyCount "76"]
[EventDate "2019.01.16"]
[EventType "tourn"]
[EventRounds "10"]
[EventCountry "CUB"]
[SourceTitle "EXT 2023"]
[Source "ChessBase"]
[SourceDate "2022.10.05"]
[SourceVersion "1"]
[SourceVersionDate "2022.10.05"]
[SourceQuality "1"]

1. e4 c5 2. Nf3 Nc6 3. d4 cxd4 4. Nxd4 Nf6 5. Nc3 e5 6. Ndb5 d6 7. Bg5 a6 8. Na3 Be7 9. Bxf6 gxf6 10. Nd5 b5 11. Bd3 Be6 12. Qh5 Bf8 13. 0-0 Bg7 14. c3 f5 15. Nc2 f4 16. g3 Ne7 17. Ncb4 Nxd5 18. exd5 Bd7 19. gxf4 exf4 20. Rfe1+ Kf8 21. Re2 h6 22. Rae1 Be5 23. Kh1 Qg5 24. Qxg5 hxg5 25. f3 g4 26. Nc6 f6 27. Nxe5 fxe5 28. Be4 Kf7 29. Rg2 gxf3 30. Bxf3 Rag8 31. Reg1 Bf5 32. Re1 Kf6 33. Kg1 Re8 34. Be4 Bxe4 35. Rxe4 Kf5 36. Rb4 e4 37. a4 e3 38. Kf1 f3 0-1

[Event "Las Tunas 28 de Enero-B"]
[Site "Las Tunas"]
[Date "2019.01.17"]
[Round "3.2"]
[White "Smith Escalona, Adalberto"]
[Black "Nunez Ferrales, Robert Andres"]
[Result "0-1"]
[WhiteElo "2010"]
[BlackElo "1870"]
[PlyCount "106"]
[EventDate "2019.01.16"]
[EventType "tourn"]
[EventRounds "10"]
[EventCountry "CUB"]
[SourceTitle "EXT 2023"]
[Source "ChessBase"]
[SourceDate "2022.10.05"]
[SourceVersion "1"]
[SourceVersionDate "2022.10.05"]
[SourceQuality "1"]

1. c4 e5 2. Nc3 Nf6 3. g3 d5 4. cxd5 Nxd5 5. Bg2 Be6 6. Nf3 Nc6 7. 0-0 Be7 8. a3 a5 9. Qc2 0-0 10. Rd1 Nb6 11. d3 a4 12. Re1 Bb3 13. Qb1 f6 14. Be3 Nd4 15. Bxd4 exd4 16. Ne4 f5 17. Ned2 Bd5 18. Qc1 Rc8 19. Nc4 Nxc4 20. dxc4 Be4 21. Qd1 Qe8 22. Qxd4 Bf6 23. Qd2 Qc6 24. Rac1 Qb6 25. Rc3 Rcd8 26. Qc1 c5 27. h4 Bxc3 28. Qxc3 Rfe8 29. Bh3 h6 30. Nd2 f4 31. Nxe4 Rxe4 32. Bg2 Re7 33. Bd5+ Kh8 34. e4 fxe3 35. fxe3 Qb3 36. Qxb3 axb3 37. e4 Rd6 38. Re3 Rb6 39. Rf3 Kh7 40. Rf8 Rf6 41. Rxf6 gxf6 42. h5 f5 43. Kf2 fxe4 44. Ke3 Kg7 45. Bxe4 Kf6 46. Kd3 Kg5 47. Bf3 b6 48. Bd1 Rd7+ 49. Ke2 Kxh5 50. Bxb3 Kg4 51. Bc2 Kxg3 52. b4 h5 53. bxc5 bxc5 0-1

[Event "Las Tunas 28 de Enero-B"]
[Site "Las Tunas"]
[Date "2019.01.16"]
[Round "1.1"]
[White "Nunez Ferrales, Robert Andres"]
[Black "Salina Parra, Leandro"]
[Result "0-1"]
[WhiteElo "1870"]
[BlackElo "1971"]
[PlyCount "88"]
[EventDate "2019.01.16"]
[EventType "tourn"]
[EventRounds "10"]
[EventCountry "CUB"]
[SourceTitle "EXT 2023"]
[Source "ChessBase"]
[SourceDate "2022.10.05"]
[SourceVersion "1"]
[SourceVersionDate "2022.10.05"]
[SourceQuality "1"]

1. e4 g6 2. d4 Bg7 3. Nc3 d6 4. Be3 Nf6 5. f3 c6 6. Qd2 b5 7. g4 Qc7 8. 0-0-0 Nbd7 9. h4 h6 10. Nh3 Bb7 11. g5 hxg5 12. Nxg5 Nh5 13. Bh3 Nb6 14. Qg2 Nc4 15. Nxf7 Kxf7 16. Rhg1 Ke8 17. Qxg6+ Kd8 18. Rg5 Qa5 19. Rxh5 Rxh5 20. Qxh5 Qb4 21. Rd3 Qxb2+ 22. Kd1 Nxe3+ 23. Rxe3 Bxd4 24. Qf5 Kc7 25. Nxb5+ cxb5 26. Qd7+ Kb6 27. Rb3 Qa1+ 28. Kd2 Bc6 29. Qxe7 Qg1 30. Qxd6 Qf2+ 31. Kd1 Be3 32. a4 Qxf3+ 33. Ke1 Bf2+ 34. Kf1 Bc5+ 35. Rxf3 Bxd6 36. Rf6 Rf8 37. Rxf8 Bxf8 38. axb5 Bxb5+ 39. Kf2 a5 40. Be6 Kc5 41. h5 a4 42. Ba2 Bc4 43. Bb1 Kb4 44. Kf3 Kc3 0-1

[Event "CUB Province-chT Schools 54th"]
[Site "Santa Clara"]
[Date "2018.07.14"]
[Round "3.7"]
[White "Nunez Ferrales, Robert Andres"]
[Black "Arteaga Garcia, Alejandro"]
[Result "1/2-1/2"]
[WhiteElo "1832"]
[BlackElo "2137"]
[PlyCount "73"]
[EventDate "2018.07.13"]
[EventType "team-swiss"]
[EventRounds "9"]
[EventCountry "CUB"]
[SourceTitle "CBM 195 Extra"]
[Source "ChessBase"]
[SourceDate "2020.05.31"]
[SourceVersion "1"]
[SourceVersionDate "2020.05.31"]
[SourceQuality "1"]
[WhiteTeam "Las Tunas"]
[BlackTeam "Artemisa"]
[WhiteTeamCountry "CUB"]
[BlackTeamCountry "CUB"]

1. e4 c5 2. Nf3 Nc6 3. d4 cxd4 4. Nxd4 Nf6 5. Nc3 d6 6. Be2 e6 7. Be3 Be7 8. 0-0 0-0 9. Kh1 a6 10. a4 Bd7 11. Nb3 Rc8 12. a5 Ne5 13. Bb6 Qe8 14. f4 Nc4 15. Bxc4 Rxc4 16. e5 dxe5 17. fxe5 Nd5 18. Nxd5 exd5 19. Nd4 Qb8 20. Nf3 Be6 21. c3 Qc8 22. Nd4 h6 23. Qd3 Qd7 24. h3 Rcc8 25. Rad1 Bc5 26. Nxe6 fxe6 27. Rxf8+ Bxf8 28. c4 Bc5 29. Bxc5 Rxc5 30. b4 Rc7 31. cxd5 exd5 32. Qxd5+ Qxd5 33. Rxd5 Re7 34. Kh2 Kf7 35. g4 Ke6 36. Rc5 Rd7 37. Kg3 1/2-1/2

[Event "Capablanca Memorial U15 2nd"]
[Site "Havana"]
[Date "2018.05.19"]
[Round "7"]
[White "Rodriguez Rodriguez, Daniel"]
[Black "Nunez Ferrales, Robert Andres"]
[Result "1-0"]
[WhiteElo "2189"]
[BlackElo "1925"]
[PlyCount "53"]
[EventDate "2018.05.14"]
[EventType "swiss"]
[EventRounds "7"]
[EventCountry "CUB"]
[SourceTitle "EXT 2021"]
[Source "ChessBase"]
[SourceDate "2020.10.23"]
[SourceVersion "1"]
[SourceVersionDate "2020.10.23"]
[SourceQuality "1"]

1. e4 c5 2. Nf3 e6 3. d4 cxd4 4. Nxd4 a6 5. Bd3 Qc7 6. 0-0 Nf6 7. Qe2 d6 8. c4 b6 9. Nc3 Bb7 10. f4 Nbd7 11. Bd2 Be7 12. Rae1 Rd8 13. b4 0-0 14. g4 g6 15. g5 Nh5 16. f5 e5 17. Nc2 f6 18. Nd5 Bxd5 19. exd5 Kg7 20. gxf6+ Ndxf6 21. Kh1 Rg8 22. fxg6 hxg6 23. Nd4 exd4 24. Qxe7+ Qxe7 25. Rxe7+ Kh8 26. Bg5 Rdf8 27. Re6 1-0

[Event "Capablanca Memorial U15 2nd"]
[Site "Havana"]
[Date "2018.05.17"]
[Round "5"]
[White "Ramos Silvera, Roberto Alejandro"]
[Black "Nunez Ferrales, Robert Andres"]
[Result "1-0"]
[WhiteElo "1984"]
[BlackElo "1925"]
[PlyCount "49"]
[EventDate "2018.05.14"]
[EventType "swiss"]
[EventRounds "7"]
[EventCountry "CUB"]
[SourceTitle "EXT 2021"]
[Source "ChessBase"]
[SourceDate "2020.10.23"]
[SourceVersion "1"]
[SourceVersionDate "2020.10.23"]
[SourceQuality "1"]

1. e4 c5 2. Nf3 e6 3. d4 cxd4 4. Nxd4 a6 5. Bd3 Qc7 6. 0-0 Nf6 7. Qe2 d6 8. c4 b6 9. Nc3 Bb7 10. f4 Nbd7 11. Bd2 Be7 12. Rae1 Rd8 13. f5 e5 14. Nc2 Nc5 15. b4 Nxd3 16. Qxd3 0-0 17. Ne3 b5 18. cxb5 axb5 19. Nxb5 Bxe4 20. Qxe4 Nxe4 21. Nxc7 Nxd2 22. Rf2 Rd7 23. Ncd5 Ne4 24. Nxe7+ Rxe7 25. Nd5 1-0

[Event "Tomas Aguilera Angelino Memorial"]
[Site "Ciego de Avila"]
[Date "2018.04.09"]
[Round "7"]
[White "Aragon Placencia, Jesus"]
[Black "Nunez Ferrales, Robert Andres"]
[Result "1-0"]
[WhiteElo "2078"]
[BlackElo "1914"]
[PlyCount "55"]
[EventDate "2018.04.05"]
[EventType "swiss"]
[EventRounds "9"]
[EventCountry "CUB"]
[SourceTitle "EXT 2021"]
[Source "ChessBase"]
[SourceDate "2020.10.23"]
[SourceVersion "1"]
[SourceVersionDate "2020.10.23"]
[SourceQuality "1"]

1. e4 e5 2. Nf3 Nc6 3. c3 Nf6 4. d4 exd4 5. e5 Qe7 6. cxd4 d6 7. Bb5 dxe5 8. 0-0 exd4 9. Re1 Be6 10. Qa4 Qc5 11. Nxd4 0-0-0 12. Nxc6 bxc6 13. Bxc6 Qb4 14. Qa6+ Kb8 15. Nc3 Bc4 16. Qa4 Qxa4 17. Bxa4 Bb4 18. Bf4 Kb7 19. Rec1 Bd6 20. Bg5 Rb8 21. Bxf6 gxf6 22. Ne4 Be6 23. Bc6+ Kb6 24. a4 a6 25. Nxd6 cxd6 26. b4 Rhg8 27. b5 a5 28. Be4 1-0

[Event "Tomas Aguilera Angelino Memorial"]
[Site "Ciego de Avila"]
[Date "2018.04.08"]
[Round "6"]
[White "Nunez Ferrales, Robert Andres"]
[Black "Cabrera Gonzalez, Maximo Ariel"]
[Result "0-1"]
[WhiteElo "1914"]
[BlackElo "2056"]
[PlyCount "66"]
[EventDate "2018.04.05"]
[EventType "swiss"]
[EventRounds "9"]
[EventCountry "CUB"]
[SourceTitle "EXT 2021"]
[Source "ChessBase"]
[SourceDate "2020.10.23"]
[SourceVersion "1"]
[SourceVersionDate "2020.10.23"]
[SourceQuality "1"]

1. e4 e5 2. Nf3 Nc6 3. Bb5 a6 4. Bxc6 dxc6 5. 0-0 Bg4 6. h3 h5 7. d3 Qf6 8. Nbd2 Ne7 9. Re1 Ng6 10. d4 Bd6 11. hxg4 hxg4 12. Nh2 Rxh2 13. Qxg4 Qh4 14. Qxh4 Rxh4 15. Nf3 Rh5 16. dxe5 Nxe5 17. Nxe5 Bxe5 18. c3 0-0-0 19. f4 Bf6 20. Be3 Bh4 21. Red1 Re8 22. e5 Bg3 23. Bd4 Bxf4 24. Kf2 Bxe5 25. Bxe5 Rhxe5 26. Rd2 Rd5 27. Rad1 Red8 28. Rd4 Rxd4 29. cxd4 c5 30. d5 c6 31. d6 Kd7 32. Rd3 Ke6 33. Rb3 b5 0-1

[Event "Tomas Aguilera Angelino Memorial"]
[Site "Ciego de Avila"]
[Date "2018.04.05"]
[Round "1"]
[White "Nunez Ferrales, Robert Andres"]
[Black "Hidalgo Zayas, Pedro Ernesto"]
[Result "1-0"]
[WhiteElo "1914"]
[BlackElo "1873"]
[PlyCount "37"]
[EventDate "2018.04.05"]
[EventType "swiss"]
[EventRounds "9"]
[EventCountry "CUB"]
[SourceTitle "EXT 2021"]
[Source "ChessBase"]
[SourceDate "2020.10.23"]
[SourceVersion "1"]
[SourceVersionDate "2020.10.23"]
[SourceQuality "1"]

1. e4 c5 2. Nf3 Nc6 3. d4 cxd4 4. Nxd4 Nf6 5. Nc3 e5 6. Ndb5 d6 7. Bg5 a6 8. Na3 b5 9. Nd5 Be7 10. Bxf6 Bxf6 11. Nxf6+ Qxf6 12. Qd5 Bd7 13. 0-0-0 Ke7 14. c4 bxc4 15. Nxc4 Nd4 16. Nb6 Rab8 17. Qxd4 Qf4+ 18. Kb1 Bc6 19. Qxd6+ 1-0

[Event "Ciudad Heroe op"]
[Site "Santiago de Cuba"]
[Date "2018.02.19"]
[Round "5"]
[White "Nunez Ferrales, Robert Andres"]
[Black "Reyes Perez, Rafael"]
[Result "1/2-1/2"]
[WhiteElo "1843"]
[BlackElo "1874"]
[PlyCount "82"]
[EventDate "2018.02.15"]
[EventType "swiss"]
[EventRounds "7"]
[EventCountry "CUB"]
[SourceTitle "EXT 2021"]
[Source "ChessBase"]
[SourceDate "2020.10.23"]
[SourceVersion "1"]
[SourceVersionDate "2020.10.23"]
[SourceQuality "1"]

1. e4 e5 2. Nf3 Nc6 3. Bb5 a6 4. Bxc6 dxc6 5. 0-0 Bg4 6. h3 h5 7. d3 Qf6 8. Nbd2 Ne7 9. Re1 Ng6 10. d4 Bd6 11. hxg4 hxg4 12. Nh2 Rxh2 13. Qxg4 Qh4 14. Qxh4 Rxh4 15. Nf3 Rh5 16. dxe5 Nxe5 17. Nxe5 Bxe5 18. c3 Bh2+ 19. Kf1 Bd6 20. Be3 0-0-0 21. f4 f6 22. Kf2 Re8 23. Kf3 c5 24. Rh1 Reh8 25. Rxh5 Rxh5 26. Rd1 b5 27. Bf2 b4 28. c4 Kb7 29. g4 Rh3+ 30. Kg2 Rh7 31. Bg3 Kc6 32. Rh1 Rxh1 33. Kxh1 Kd7 34. Kg2 g5 35. fxg5 fxg5 36. e5 Be7 37. Kf3 Ke6 38. Ke4 c6 39. b3 Bf8 40. Bf2 Be7 41. Be3 a5 1/2-1/2

[Event "Camaguey Altuna Memorial tt 1st"]
[Site "Camaguey"]
[Date "2017.12.01"]
[Round "5.1"]
[White "Nunez Ferrales, Robert Andres"]
[Black "Marrero Espinosa, Guzman S"]
[Result "0-1"]
[WhiteElo "1769"]
[BlackElo "1968"]
[PlyCount "70"]
[EventDate "2017.11.28"]
[EventType "team-tourn"]
[EventRounds "10"]
[EventCountry "CUB"]
[SourceTitle "EXT 2024"]
[Source "ChessBase"]
[SourceDate "2023.10.10"]
[SourceVersion "1"]
[SourceVersionDate "2023.10.10"]
[SourceQuality "1"]

1. e4 c5 2. Nf3 d6 3. d4 cxd4 4. Nxd4 Nf6 5. Nc3 a6 6. Be2 e5 7. Nb3 Be7 8. Be3 Be6 9. 0-0 0-0 10. f3 Nbd7 11. a4 Rc8 12. a5 Qc7 13. Qd2 Qc6 14. Rfc1 Rfd8 15. Qe1 d5 16. exd5 Nxd5 17. Nxd5 Bxd5 18. Qf2 Qe6 19. Nd2 Qg6 20. c4 Bc6 21. c5 f5 22. Bc4+ Kh8 23. Nb3 f4 24. Bd2 Nxc5 25. Nxc5 Rxd2 26. Qxd2 Bxc5+ 27. Kf1 Be3 28. Qe2 e4 29. fxe4 Bxc1 30. Rxc1 Qxe4 31. Qxe4 Bxe4 32. Rd1 g5 33. b3 Rc5 34. Rd4 Bc6 35. b4 Rxc4 0-1

[Event "CUB School-chT"]
[Site "Santa Clara"]
[Date "2017.07.15"]
[Round "6.7"]
[White "Nunez Ferrales, Robert Andres"]
[Black "Casamayor Ferrer, Marcos"]
[Result "1-0"]
[WhiteElo "1688"]
[BlackElo "1553"]
[PlyCount "85"]
[EventDate "2017.07.13"]
[EventType "team-swiss"]
[EventRounds "9"]
[EventCountry "CUB"]
[SourceTitle "EXT 2023"]
[Source "ChessBase"]
[SourceDate "2022.10.05"]
[SourceVersion "1"]
[SourceVersionDate "2022.10.05"]
[SourceQuality "1"]

1. e4 c5 2. Nf3 d6 3. d4 cxd4 4. Nxd4 Nf6 5. Nc3 a6 6. Be2 e6 7. Be3 Be7 8. Qd2 Qc7 9. 0-0 Nc6 10. Rad1 0-0 11. f4 Rd8 12. Qe1 Nxd4 13. Bxd4 e5 14. Be3 Be6 15. f5 Bc4 16. Bxc4 Qxc4 17. Bg5 Nd5 18. Bxe7 Nxe7 19. f6 Ng6 20. fxg7 Qe6 21. Nd5 Rd7 22. Nf6+ Kxg7 23. Nxd7 Qxd7 24. Qf2 Nf4 25. Kh1 Qe6 26. g3 Ng6 27. Rd5 Ne7 28. Rd3 d5 29. exd5 Nxd5 30. Qf5 Rc8 31. Qg5+ Kh8 32. Rfd1 f6 33. Qh6 Ne7 34. Rd6 Ng8 35. Qh5 Qc4 36. c3 Qe4+ 37. Kg1 Rc7 38. Rd7 Rxd7 39. Rxd7 Qe3+ 40. Kg2 Qe4+ 41. Kh3 Qb1 42. Qg4 Qf1+ 43. Kh4 1-0

[Event "CUB School-chT"]
[Site "Santa Clara"]
[Date "2017.07.14"]
[Round "4.7"]
[White "Perez Lorenzo, Enmanuel"]
[Black "Nunez Ferrales, Robert Andres"]
[Result "0-1"]
[WhiteElo "1868"]
[BlackElo "1688"]
[PlyCount "86"]
[EventDate "2017.07.13"]
[EventType "team-swiss"]
[EventRounds "9"]
[EventCountry "CUB"]
[SourceTitle "EXT 2023"]
[Source "ChessBase"]
[SourceDate "2022.10.05"]
[SourceVersion "1"]
[SourceVersionDate "2022.10.05"]
[SourceQuality "1"]

1. e4 e5 2. Nf3 Nc6 3. Bb5 a6 4. Ba4 Nf6 5. Qe2 b5 6. Bb3 Be7 7. c3 d6 8. d3 Bb7 9. Nbd2 0-0 10. Nf1 Na5 11. Bc2 c5 12. Ng3 Re8 13. h3 Bf8 14. Nf5 d5 15. g4 dxe4 16. dxe4 g6 17. Ng3 b4 18. Bg5 Bg7 19. 0-0 Bc6 20. Rfd1 Qc7 21. cxb4 cxb4 22. Rac1 Qb7 23. Rd6 Nd7 24. Bb3 Bf8 25. Rdxc6 Nxc6 26. Qc4 Nc5 27. Be3 Na5 28. Qc2 Ncxb3 29. axb3 Rac8 30. Qd1 Red8 31. Qe1 Rxc1 32. Qxc1 Nxb3 33. Qc4 Na5 34. Qe2 Nc6 35. Qc4 a5 36. Bg5 Rd1+ 37. Kg2 a4 38. Qc2 Ra1 39. Bf6 a3 40. bxa3 Rxa3 41. Nxe5 Nxe5 42. Bxe5 b3 43. Qc4 b2 0-1

[Event "Barreras Memorial op"]
[Site "Las Tunas"]
[Date "2017.04.13"]
[Round "6"]
[White "Hernandez Garcia, Roberto"]
[Black "Nunez Ferrales, Robert Andres"]
[Result "1/2-1/2"]
[WhiteElo "1460"]
[BlackElo "1720"]
[PlyCount "100"]
[EventDate "2017.04.11"]
[EventType "swiss"]
[EventRounds "7"]
[EventCountry "CUB"]
[SourceTitle "EXT 2023"]
[Source "ChessBase"]
[SourceDate "2022.10.05"]
[SourceVersion "1"]
[SourceVersionDate "2022.10.05"]
[SourceQuality "1"]

1. e4 e5 2. Nf3 Nc6 3. Bb5 a6 4. Ba4 Nf6 5. Qe2 b5 6. Bb3 Bc5 7. c3 d6 8. d3 0-0 9. 0-0 Bg4 10. h3 Be6 11. Bc2 b4 12. Bg5 h6 13. Be3 Ba7 14. Nbd2 bxc3 15. bxc3 Nh7 16. Nh2 f5 17. f3 f4 18. Bxa7 Nxa7 19. Bb3 Qd7 20. d4 Bxb3 21. Nxb3 Nb5 22. Qd3 Qc6 23. Rfc1 Ng5 24. Ng4 h5 25. Nf2 Rf6 26. h4 Nh7 27. d5 Qb7 28. c4 Na7 29. Rab1 Qc8 30. Na5 c5 31. Rb7 Rf7 32. Rcb1 Rxb7 33. Rxb7 Nf6 34. Qb3 Nd7 35. Nh3 Rb8 36. Rxb8 Qxb8 37. Qxb8+ Nxb8 38. Ng5 Kf8 39. Kf2 Ke7 40. Ke2 Nc8 41. Kd3 Nb6 42. Kc3 N8d7 43. Nc6+ Kf6 44. Ne6 g6 45. Kb3 Nc8 46. Ka4 Ncb6+ 47. Kb3 Nc8 48. Ka4 Ncb6+ 49. Kb3 Nc8 50. Ka4 Ncb6+ 1/2-1/2